000 00584nam a2200205Ia 4500
003 GCL
008 140319s9999 xx 000 0 ara d
040 _aGCL /
_cGCL
082 0 4 _a635.92
_bت ط
100 1 _aطارق محمود القيعى
245 1 0 _aتصميم وتنسيق الحدائق /
_cطارق محمود القيعى
260 _a[S.N] :
_bمنشاة المعارف ،
_c1988
300 _a254 ص
490 _a
650 0 4 _aالزهور
650 0 4 _aالحدائق
650 0 4 _aنباتات الزينة
650 0 4 _aالبساتين
942 _2ddc
_cBK
999 _c32531
_d32531